Guess the Hamilton Song #20 - Statistics

General Stats
  • This quiz has been taken 1,674 times
  • The average score is 41 of 142
Answer Stats
Lyric % Correct
a
96%
I
95%
and
62%
ha
61%
ha!
61%
me
60%
Is
59%
to
57%
was
57%
be.
56%
be
56%
do
55%
that
55%
That
55%
They
55%
they
55%
it,
54%
who
54%
in
51%
What
48%
know
43%
Washington,
43%
say
42%
so,
42%
him
41%
I'm
41%
on
41%
Are
39%
can't
35%
his
35%
If
35%
all
31%
George
31%
Adams?
30%
Adams.
30%
John
29%
little
29%
could
28%
guy
27%
next?
26%
next
26%
away.
25%
spoke
25%
stepping
25%
aware
24%
person
24%
power
24%
something
24%
That's
24%
Washington's
24%
wasn't
24%
going
23%
those
23%
true?
23%
as
22%
man,
22%
this
22%
ago.
21%
years
21%
yielding
20%
Da
19%
da
19%
da.
19%
da,
19%
will
19%
their
17%
alive!
16%
eat
16%
gonna
16%
look
16%
perplexed.
16%
rise,
16%
who's
16%
keep
15%
Oceans
15%
poor
15%
they're
15%
Empires
14%
fall,
14%
replacing
14%
There's
14%
charge?
13%
Eighty
13%
Five?
13%
Good
13%
them
13%
whoever's
13%
luck!
12%
small,
12%
President
11%
country
10%
large.
10%
looms
10%
nobody
10%
quite
10%
else
9%
alone,
7%
fun!
7%
Jesus
7%
Christ,
6%
each
6%
into
6%
other
6%
tear
6%
dat
5%
pieces.
5%
run.
5%
watch
5%
ya
5%
dai
4%
No matching quizzes found
Score Distribution
Percent of People with Each Score
Percentile by Number Answered
Your Score History
You have not taken this quiz